<?xml version="1.0" encoding="UTF-8"?>
<record
    xmlns:xsi="http://www.w3.org/2001/XMLSchema-instance"
    xsi:schemaLocation="http://www.loc.gov/MARC21/slim http://www.loc.gov/standards/marcxml/schema/MARC21slim.xsd"
    xmlns="http://www.loc.gov/MARC21/slim">

  <leader>00786nam a22002057a 4500</leader>
  <controlfield tag="005">20111214143655.0</controlfield>
  <datafield tag="020" ind1=" " ind2=" ">
    <subfield code="a">9788124320419 (pt.1) </subfield>
    <subfield code="c">50.00</subfield>
  </datafield>
  <datafield tag="020" ind1=" " ind2=" ">
    <subfield code="a">9788124320426 (pt.II) </subfield>
    <subfield code="c">50.00</subfield>
  </datafield>
  <datafield tag="037" ind1=" " ind2=" ">
    <subfield code="a">PUB</subfield>
  </datafield>
  <datafield tag="100" ind1=" " ind2=" ">
    <subfield code="a">Charles </subfield>
    <subfield code="9">36928</subfield>
  </datafield>
  <datafield tag="245" ind1=" " ind2=" ">
    <subfield code="a">Tales from Shakespeare / </subfield>
    <subfield code="c">by Charles (and) Mary Lamb </subfield>
  </datafield>
  <datafield tag="260" ind1=" " ind2=" ">
    <subfield code="a">Mumbai</subfield>
    <subfield code="b">Navneet Publications </subfield>
    <subfield code="c">2003</subfield>
  </datafield>
  <datafield tag="270" ind1=" " ind2=" ">
    <subfield code="a">Navneet Bhavan, Bhavani Shankar Road, Dadar</subfield>
    <subfield code="b">Mumbai</subfield>
    <subfield code="e">400028</subfield>
  </datafield>
  <datafield tag="300" ind1=" " ind2=" ">
    <subfield code="a">2 pt. (111p.; 110p.) </subfield>
    <subfield code="b">ill.</subfield>
    <subfield code="c">20cm(pbk) </subfield>
  </datafield>
  <datafield tag="490" ind1=" " ind2=" ">
    <subfield code="a">Navneet classic readers</subfield>
    <subfield code="9">36929</subfield>
  </datafield>
  <datafield tag="700" ind1=" " ind2=" ">
    <subfield code="a">Lamb,  Mary </subfield>
    <subfield code="9">36926</subfield>
  </datafield>
  <datafield tag="942" ind1=" " ind2=" ">
    <subfield code="2">ddc</subfield>
    <subfield code="c">CH</subfield>
    <subfield code="m">CHA</subfield>
  </datafield>
  <datafield tag="999" ind1=" " ind2=" ">
    <subfield code="c">59451</subfield>
    <subfield code="d">59451</subfield>
  </datafield>
  <datafield tag="952" ind1=" " ind2=" ">
    <subfield code="0">0</subfield>
    <subfield code="1">0</subfield>
    <subfield code="3">pt.1</subfield>
    <subfield code="4">0</subfield>
    <subfield code="7">0</subfield>
    <subfield code="a">AG</subfield>
    <subfield code="b">AG</subfield>
    <subfield code="d">2011-12-14</subfield>
    <subfield code="g">50.00</subfield>
    <subfield code="l">0</subfield>
    <subfield code="o">CHA</subfield>
    <subfield code="r">2011-12-14 00:00:00</subfield>
    <subfield code="v">50.00</subfield>
    <subfield code="w">2011-12-14</subfield>
    <subfield code="y">CH</subfield>
    <subfield code="z">pt.1</subfield>
  </datafield>
  <datafield tag="952" ind1=" " ind2=" ">
    <subfield code="0">0</subfield>
    <subfield code="1">0</subfield>
    <subfield code="3">pt.II</subfield>
    <subfield code="4">0</subfield>
    <subfield code="7">0</subfield>
    <subfield code="a">AG</subfield>
    <subfield code="b">AG</subfield>
    <subfield code="d">2011-12-14</subfield>
    <subfield code="g">50.00</subfield>
    <subfield code="l">0</subfield>
    <subfield code="o">CHA</subfield>
    <subfield code="r">2011-12-14 00:00:00</subfield>
    <subfield code="v">50.00</subfield>
    <subfield code="w">2011-12-14</subfield>
    <subfield code="y">CH</subfield>
    <subfield code="z">pt.II</subfield>
  </datafield>
</record>
